000 00869nam a2200265 a 4500
001 BRCA_2863
005 20190320204015.0
008 101208s1961----nyua---###---#000-0#eng-#
041 _aeng
044 _anyu
050 4 _aNK5362
_b.F76 1
_c1961
100 1 _aFrothingham, Alice Wilson
_97998
245 1 0 _aEnameled Glass from the Spanish Royal Factory
_cby Alice Wilson Frothingham.
260 _aNueva York
_bThe Hispanic Society of America
_c1961
300 _ap. 118-129
_bil.
_c28 cm.
500 _aReimpreso de Journal of Glass Studies, vol.3 1961
500 _aDatos tomados de la cubierta
500 _aRevista inventariada por Banco de México como libro
500 _aEjemplar igual a M60
500 _aAA30
650 1 4 _aEsmalte y esmaltado
_zEspaña
_97999
650 1 4 _aVidrio pintado y decorado
_zEspaña
_98000
902 _aGFM
942 _2lcc
_cB
999 _c2602
_d2602